LEADER 02291oam 2200709zu 450 001 9910788245503321 005 20220913192134.0 035 $a(CKB)3170000000053207 035 $a(SSID)ssj0000702414 035 $a(PQKBManifestationID)12249730 035 $a(PQKBTitleCode)TC0000702414 035 $a(PQKBWorkID)10679566 035 $a(PQKB)10716995 035 $a(MiAaPQ)EBC5693225 035 $a(EXLCZ)993170000000053207 100 $a20160829d2004 uy 101 0 $afre 181 $ctxt 182 $cc 183 $acr 200 12$aL'autisme, une autre intelligence : diagnostic, cognition et support des personnes autistes sans déficience intellectuelle 210 31$a[Place of publication not identified]$cMardaga$d2004 300 $aBibliographic Level Mode of Issuance: Monograph 311 $a2-87009-869-3 606 $aMental Disorders Diagnosed in Childhood 606 $aAttitude to Health 606 $aAge Groups 606 $aPersonality 606 $aPersons 606 $aDelivery of Health Care 606 $aAttitude 606 $aMental Disorders 606 $aBehavior and Behavior Mechanisms 606 $aHealth Care Quality, Access, and Evaluation 606 $aHealth Care 606 $aIntelligence 606 $aChild Development Disorders, Pervasive 606 $aHealth Knowledge, Attitudes, Practice 606 $aInfant 606 $aChild 615 2$aMental Disorders Diagnosed in Childhood 615 2$aAttitude to Health 615 2$aAge Groups 615 2$aPersonality 615 2$aPersons 615 2$aDelivery of Health Care 615 2$aAttitude 615 2$aMental Disorders 615 2$aBehavior and Behavior Mechanisms 615 2$aHealth Care Quality, Access, and Evaluation 615 2$aHealth Care 615 2$aIntelligence 615 2$aChild Development Disorders, Pervasive 615 2$aHealth Knowledge, Attitudes, Practice 615 2$aInfant 615 2$aChild 700 $aMottron$b Laurent$01463850 801 0$bPQKB 906 $aBOOK 912 $a9910788245503321 996 $aL'autisme, une autre intelligence : diagnostic, cognition et support des personnes autistes sans déficience intellectuelle$93673564 997 $aUNINA LEADER 02251nam0 22004933i 450 001 VAN0248947 005 20230529022738.230 017 70$2N$a9783030378226 100 $a20220804d2020 |0itac50 ba 101 $aeng 102 $aCH 105 $a|||| ||||| 200 1 $aConvex Optimization with Computational Errors$fAlexander J. Zaslavski 210 $aCham$cSpringer$d2020 215 $axi, 360 p.$cill.$d24 cm 410 1$1001VAN0067197$12001 $aSpringer optimization and its applications$1210 $aBerlin [etc.]$cSpringer$d2006-$v155 500 1$3VAN0248948$aConvex Optimization with Computational Errors$92359372 606 $a90C25$xConvex programming [MSC 2020]$3VANC019709$2MF 606 $a49M37$xNumerical methods based on nonlinear programming [MSC 2020]$3VANC023193$2MF 606 $a90-XX$xOperations research, mathematical programming [MSC 2020]$3VANC025650$2MF 606 $a65K05$xNumerical mathematical programming methods [MSC 2020]$3VANC028868$2MF 610 $aComposite objective function$9KW:K 610 $aComputational error$9KW:K 610 $aConvex Optimization$9KW:K 610 $aConvex functions$9KW:K 610 $aGradient algorithm$9KW:K 610 $aMathematical programming$9KW:K 610 $aMirror descent algorithm$9KW:K 610 $aNonlinear analysis$9KW:K 610 $aNonsmooth problems$9KW:K 610 $aSmooth objective function$9KW:K 610 $aSolving real-world optimization problems$9KW:K 610 $aSubgradient projection algorithm$9KW:K 620 $aCH$dCham$3VANL001889 700 1$aZaslavski$bAlexander J.$3VANV080282$0721713 712 $aSpringer $3VANV108073$4650 801 $aIT$bSOL$c20240614$gRICA 856 4 $uhttp://doi.org/10.1007/978-3-030-37822-6$zE-book ? Accesso al full-text attraverso riconoscimento IP di Ateneo, proxy e/o Shibboleth 899 $aBIBLIOTECA DEL DIPARTIMENTO DI MATEMATICA E FISICA$1IT-CE0120$2VAN08 912 $fN 912 $aVAN0248947 950 $aBIBLIOTECA DEL DIPARTIMENTO DI MATEMATICA E FISICA$d08CONS e-book 4606 $e08eMF4606 20220804 996 $aConvex Optimization with Computational Errors$92359372 997 $aUNICAMPANIA